Countries. Name Them. Go! Quiz Stats

Quiz Updated Nov 30, 2015

Challenge
Share
Tweet
Score 0/35 Timer 03:00
13 Plays Today
% Correct
Canada
78.5%
United States
78.5%
Russia
78.5%
India
78%
Mexico
77.9%
Australia
77.9%
Brazil
77.8%
China
77.6%
Iceland
77.6%
Chile
77.4%
South Africa
77.3%
Norway
77.1%
Japan
77.1%
France
76.9%
Finland
76.8%
Argentina
76.8%
New Zealand
76.7%
Madagascar
76.6%
% Correct
United Kingdom
76.3%
Spain
76.2%
Portugal
76.1%
Germany
75.3%
Mongolia
74.8%
Egypt
74.6%
Italy
73.5%
Saudi Arabia
72.9%
Peru
72.4%
Pakistan
71.7%
South Korea
71.3%
Turkey
70.4%
Cuba
70.4%
Indonesia
68.4%
Iraq
63.9%
Niger
61.2%
Angola
55.9%

You're not logged in!

Compare scores with friends on all Sporcle quizzes.
Sign Up with Email
OR
Log In

You Might Also Like...

Show Comments

Extras

Top Quizzes Today


Score Distribution

Your Account Isn't Verified!

In order to create a playlist on Sporcle, you need to verify the email address you used during registration. Go to your Sporcle Settings to finish the process.